عرض عادي
عرض مارك
- Medical literature
مدخل مصطلح موضوعي
001 - رقم الضبط
- حقل الضبط: 17620
003 - معرف رقم الضبط
- حقل الضبط: OSt
005 - تاريخ ووقت أخر عملية
- حقل الضبط: 20121023142648.0
008 - عناصر بيانات ثابتة الطول
- حقل تحكم ثابت الطول: 121023|||a|||||| | ||| d
040 ## - مصدر الفهرسة
- هيئة الفهرسة الأصلية: OSt
- وكالة الكتابة: OSt
150 ## - مدخل-- مصطلح تاريخي
- عنصر مدخل المصطلح الموضوعي او الاسم الجغرافي: Medical literature
- تفريع عام: Evaluation.
670 ## - بيانات المصدر موجوده
- الاستشهاد بالمصدر: Work cat.: (OSt)0: Greenhalgh, Trisha. 17619, How to read a paper :, 2010.
